zpět

Detail výsledku týmu

Starobělská hospoda, Ostrava

Datum a čas kvízu

27 Celkem bodů Celkový počet nahraných bodů na tomto kvízu bez doplňovacích otázek.
7. Pořadí na kvízu Konečné umístění týmu na tomto kvízu.

Zaznamenané odpovědi

# Otázka Odpověď Body Výsledky
1. V minulém týdnu oznámila fakul... Vysoká škola ekonomická v Praze (VŠE), používání umělé inteligence 0.5
2. Ve kterém evropském státě se m... v Nizozemsku 0
3. Ve čtvrtek měl premiéru americ... Ridley Scott, Joaquin Phoenix 0
4. Který výrobce nealko nápojů vs... Kofola 1
5. Německá fotbalová reprezentace... Rakousko, 2:0 0.5
6. Střední Asií budeme mít na mys... Kazachstán 1
7. Ač jsou některé státy Střední... 1B 2A 3D 4C 0
8. Ve snaze o zavlažení polí pro... Aralské jezero 1
9. Z Buchary, která se dnes nachá... Avicenna 0
10. Ve kterém státě se nachází měs... Tádžikistán 0